| 000 | 00703nam a2200217 a 4500 | ||
|---|---|---|---|
| 001 | 40875 | ||
| 003 | BD-RjUL | ||
| 005 | 20211209053305.0 | ||
| 008 | 160511s1967 bg ||||| |||| 00| 0 ben d | ||
| 035 | _a(BD-RjUL)40991 | ||
| 040 |
_aBD-RjUL _bben _cBD-RjUL |
||
| 041 | _aben | ||
| 082 |
_223 _a891.443 _bKHB 1967 |
||
| 100 |
_aখানম, জোবেদা _9123205 |
||
| 245 | 1 | 0 |
_aবন মর্মর / _cজোবেদা খানম |
| 260 |
_aঢাকা : _bকথাকলি, _c১৯৬৭ |
||
| 300 |
_a[৬], ১৪৮ পৃ. ; _c২১ সেমি. |
||
| 650 |
_aবাংলা উপন্যাস _9125798 |
||
| 650 |
_aBengali Fiction _9125799 |
||
| 942 |
_2ddc _cBK |
||
| 999 |
_c40875 _d40875 |
||